书目信息 |
| 书名: | Light fantastic | |
| 作者: | Stewart and Sally Walton | |
| 分册号: | ||
| 分册名: | 出版地: | Southwater |
|
| 出版社: | USA | |
| 出版时间: | 1996 | |
| 页数: | 96p | |
| 开本: | 24cm | |
| 丛书名: | ||
| 中图分类号: | ||
| 科图分类号: | ||
| 其他分类号: | TS975 | |
| 主题词: | ||
| 电子资源: | ||
| 000 | 00386nam0 2200145 450 | |
| 001 | 202012195237 | |
| 005 | 20121107101756.0 | |
| 008 | 20010101s | |
| 020 | @a978-1-84215-498-4@c$10.99 | |
| 099 | @dTS975@eS8492 | |
| 245 | 10 | @aLight fantastic@cStewart and Sally Walton |
| 260 | 0 | @aSouthwater@bUSA@c1996 |
| 300 | @a96p@c24cm | |
| 905 | @b5566-68 | |
| 905 | @aTSG@dTS975@eS8492 | |
| Light fantastic / Stewart and Sally Walton.-Southwater : USA , 1996 |
| 96p ; 24cm |
| ISBN 978-1-84215-498-4$10.99 |
| ● |
| 相关链接 |
|
|
|
正题名:Light fantastic
索取号:TS975/S8492
 
预约/预借
| 序号 | 登录号 | 条形码 | 馆藏地/架位号 | 状态 | 备注 |
| 1 | 5566 | 300055669 | 自科库501/ [索取号:TS975/S8492] | 在馆 | |
| 2 | 5567 | 300055678 | 自科库501/ [索取号:TS975/S8492] | 在馆 | |
| 3 | 5568 | 300055687 | 自科库501/ [索取号:TS975/S8492] | 在馆 |